000 00618nam a2200229Ia 4500
003 OSt
005 20220918191107.0
006 a|||||r|||| 00| 0
007 ta
008 220917b |||||||| |||| 00| 0 eng d
024 _a61,426
037 _cTextual
040 _aARTS
_cARTS
_beng
041 _2eng
_aeng
082 _aQ6:21, K7
100 _aPudaite Tochuga
_974895
245 0 _aGreatest is love
_b abridge edition of living new testament
260 _aN.D
_bBibles for the word
_c1967
650 _aRELIGION
942 _hQ6:21, K7
_cTEXL
_2CC
999 _c188278
_d188278